Car Seat Headrest Trivia - Statistics

General Stats
  • This quiz has been taken 231 times
  • The average score is 5 of 15
Answer Stats
Question Answer % Correct
Who drew/designed the artwork for the majority of the band's albums? Cate Wurtz
75%
What was Will Toledo's previous project before CSH known as? Nervous young men
72%
What is the longest official Car Seat Headrest song? Famous Prophets (stars)
55%
What town did Will Toledo create and produce his first 10 albums under the name Car seat headrest? Leesburg
51%
What is the only Car seat headrest song with a credited feature? Misheard Lyrics
46%
What celebrity did a song off of "4" start drama with? Bob Saget
45%
What song's chorus is transposed and used in 2011/2018's "Cute Thing"? Ana ng
43%
Who is that credited feature? Nora Knight
38%
What is the shortest official Car Seat Headrest song? Psst teenagers take off your clo
37%
What song was removed from "2" after only being on the album for 2 days? Will you please pass the milk please?
22%
What song off of Death Grips 2018 album "Year of the snitch" has the band covered? Black Paint
18%
What classic electronic rock album is mentioned in "4"? Kid A
15%
Who voices the monologues in the 2018 versions of Famous prophets and High to death? Hojin Stella Jung
9%
What was the original title of Car seat headrest's 2012 album "Monomania"? Son/Lover
7%
Who played drums in Car Seat Headrest during live shows before Andrew Katz? Christian Northover
5%
No matching quizzes found
Score Distribution
Percent of People with Each Score
Percentile by Number Answered
Your Score History
You have not taken this quiz